Ekonomická efektívnosť spoločensky zodpovedného podnikania

Spoločensky zodpovedné podnikanie. Oblasti spoločensky zodpovedného podnikania. Systém manažérstva spoločensky zodpovedného podnikania. Ekonomická efektívnosť podniku, metódy a modely hodnotenia ekonomickej efektívnosti.

Salvato in:
Dettagli Bibliografici
Autore principale: Stankovič, Lýdia
Altri autori: Bašistová, Alena
Natura: Capitolo di libro
Lingua:slovacco
Soggetti:
Tags: Aggiungi Tag
Nessun Tag, puoi essere il primo ad aggiungerne!!

MARC

LEADER 00000nla a2200000 4500
001 0152696
005 20240502072723.3
041 0 |a slo 
044 |a SK 
245 1 0 |a Ekonomická efektívnosť spoločensky zodpovedného podnikania  |c Lýdia Stankovič, Alena Bašistová 
520 |a Spoločensky zodpovedné podnikanie. Oblasti spoločensky zodpovedného podnikania. Systém manažérstva spoločensky zodpovedného podnikania. Ekonomická efektívnosť podniku, metódy a modely hodnotenia ekonomickej efektívnosti. 
610 2 0 |a podnik 
610 2 0 |a podnikanie zodpovedné 
610 2 0 |a zodpovednosť podniku spoločenská 
610 2 0 |a efektívnosť ekonomická 
610 2 0 |a modely 
100 1 |a Stankovič, Lýdia 
700 1 |a Bašistová, Alena